[Event "Bundesliga 2022-23"]
[Site "Deggendorf GER"]
[Date "2023.03.19"]
[Round "11.6"]
[Board "3"]
[White "Indjic, Aleksandar"]
[Black "Agopov, Mikael"]
[Result "1/2-1/2"]
[WhiteTitle "GM"]
[BlackTitle "IM"]
[WhiteElo "2630"]
[BlackElo "2464"]
[WhiteTeam "Muenchener Schachclub 1836"]
[BlackTeam "SF Berlin"]
[WhiteFideId "911925"]
[BlackFideId "501840"]
[EventDate "2022.10.22"]

1. d4 Nf6 2. c4 g6 3. Nc3 d5 4. Nf3 Bg7 5. Qb3 dxc4 6. Qxc4 O-O 7. e4 Nc6 8. Be3
Ng4 9. e5 Be6 10. Qc5 a5 11. a3 a4 12. Nb5 Nxe3 13. fxe3 Bh6 14. Kf2 f6 15. Bc4
Bxc4 16. Qxc4+ e6 17. exf6 Rxf6 18. Rhe1 Qe7 19. Kg1 Raf8 20. Re2 g5 21. Nd2 Qf7
22. g4 Bg7 23. Nc3 Rf2 24. Rae1 Nxd4 25. exd4 Qf4 26. Qxe6+ Kh8 27. Rxf2 Qxf2+
28. Kh1 Qxd2 29. Qe2 Qxd4 30. Rd1 Qb6 31. Rd3 Qc6+ 32. Kg1 b5 33. Nd1 Re8 34.
Qd2 Qe4 35. Nf2 Qe1+ 36. Kg2 Qxd2 37. Rxd2 c5 38. Kf3 Bd4 39. Ne4 Rf8+ 40. Kg3
h6 41. Nd6 Be3 42. Rd5 Rb8 43. Rd1 Kg8 44. Nf5 Bf4+ 45. Kf3 b4 46. h4 b3 47.
Nxh6+ Kf8 48. Rf1 Ke7 49. Ke4 Ke6 50. Nf7 Kxf7 51. hxg5 Re8+ 52. Kd5 Re5+ 53.
Kc4 Re4+ 54. Kd5 Re5+ 55. Kc4 Re4+ 1/2-1/2

[Event "Bundesliga 2022-23"]
[Site "Deggendorf GER"]
[Date "2023.03.19"]
[Round "11.6"]
[Board "4"]
[White "Seyb, Alexander"]
[Black "Martinovic, Sasa"]
[Result "0-1"]
[WhiteTitle "IM"]
[BlackTitle "GM"]
[WhiteElo "2441"]
[BlackElo "2546"]
[WhiteTeam "SF Berlin"]
[BlackTeam "Muenchener Schachclub 1836"]
[WhiteFideId "4699033"]
[BlackFideId "14509792"]
[EventDate "2022.10.22"]

1. e4 e6 2. d4 d5 3. Nc3 Nf6 4. e5 Nfd7 5. f4 c5 6. Nf3 Nc6 7. Be3 Be7 8. Qd2 a6
9. dxc5 Nxc5 10. O-O-O Qa5 11. a3 b5 12. Nd4 Bd7 13. Kb1 b4 14. Nxc6 Bxc6 15.
axb4 Qxb4 16. Qd4 Qb7 17. Be2 O-O 18. f5 Rab8 19. Bc1 exf5 20. Nxd5 Ne6 21.
Nxe7+ Qxe7 22. Qd6 Qb7 23. Rhf1 Rfc8 24. Bf3 g6 25. Bxc6 Rxc6 26. Qd7 Rc7 27.
Qd5 Qc8 28. g4 Rxc2 29. gxf5 Qc3 30. Qa2 Nd4 31. Rxd4 Qxd4 32. fxg6 Rcxb2+ 0-1

[Event "Bundesliga 2022-23"]
[Site "Deggendorf GER"]
[Date "2023.03.19"]
[Round "11.6"]
[Board "5"]
[White "Prusikin, Michael"]
[Black "Hess, Max"]
[Result "1-0"]
[WhiteTitle "GM"]
[BlackTitle "FM"]
[WhiteElo "2517"]
[BlackElo "2361"]
[WhiteTeam "Muenchener Schachclub 1836"]
[BlackTeam "SF Berlin"]
[WhiteFideId "4642325"]
[BlackFideId "24656666"]
[EventDate "2022.10.22"]

1. e4 c6 2. d4 d5 3. e5 Bf5 4. Nd2 e6 5. Nb3 a6 6. Nf3 c5 7. Be2 cxd4 8. Nbxd4
Bg6 9. h4 h6 10. h5 Bh7 11. Bd3 Ne7 12. Bxh7 Rxh7 13. c3 Nec6 14. O-O Qc7 15.
Re1 Nd7 16. Nxc6 Qxc6 17. Nd4 Qc7 18. Bf4 Rh8 19. a4 O-O-O 20. b4 Kb8 21. a5 Rc8
22. b5 Bc5 23. bxa6 bxa6 24. Qa4 Ka8 25. Re2 Ba7 26. Rc1 Nc5 27. Qd1 Rhd8 28.
Rec2 Qxa5 29. Qf3 Ne4 30. Be3 Rc7 31. c4 Bxd4 32. Bxd4 Nd2 33. Qg3 Rxc4 34. Bc3
Rxc3 35. Qxc3 Qxc3 36. Rxc3 Nc4 37. f4 Kb7 38. Rb1+ Kc6 39. Ra1 Kb6 40. Rb3+ Ka7
41. Rab1 Rd7 42. Rg3 f6 43. exf6 gxf6 44. Rg6 d4 45. Rxh6 d3 46. Kf2 d2 47. Ke2
Nb2 48. Rd1 Nxd1 49. Kxd1 e5 50. Rxf6 e4 51. h6 Rb7 52. Rg6 Rb2 53. Rg3 e3 54.
Rxe3 Rb1+ 55. Kxd2 Rb2+ 56. Kc3 Rxg2 57. Rh3 1-0

[Event "Bundesliga 2022-23"]
[Site "Deggendorf GER"]
[Date "2023.03.19"]
[Round "11.6"]
[Board "6"]
[White "Schmidek, Emil"]
[Black "Costa, Leonardo"]
[Result "1/2-1/2"]
[WhiteTitle "IM"]
[BlackTitle "FM"]
[WhiteElo "2414"]
[BlackElo "2350"]
[WhiteTeam "SF Berlin"]
[BlackTeam "Muenchener Schachclub 1836"]
[WhiteFideId "12908150"]
[BlackFideId "16213955"]
[EventDate "2022.10.22"]

1. d4 d5 2. c4 e6 3. Nc3 Nf6 4. cxd5 exd5 5. Bg5 Be7 6. e3 O-O 7. Bd3 h6 8. Bh4
Re8 9. Nge2 c6 10. O-O Nbd7 11. a4 Nh5 12. Bxe7 Qxe7 13. a5 Nf8 14. a6 b6 15.
Qa4 Bd7 16. Qa3 Qg5 17. Bc2 Ng6 18. Ng3 Nf6 19. Qd6 Rac8 20. Nge2 Nh4 21. Qg3
Nf5 22. Qxg5 hxg5 23. Rfd1 g4 24. Bxf5 Bxf5 25. Nf4 Kf8 26. b4 Ke7 27. Rac1 g5
28. Nd3 Bxd3 29. Rxd3 Kd6 30. Rd2 Ne4 31. Rdc2 Nxc3 32. Rxc3 b5 33. Rc5 Rc7 34.
h3 gxh3 35. gxh3 f5 36. Kg2 Re4 37. Kf3 Rh4 38. Kg2 f4 39. R5c3 fxe3 40. fxe3 g4 1/2-1/2

[Event "Bundesliga 2022-23"]
[Site "Deggendorf GER"]
[Date "2023.03.19"]
[Round "11.6"]
[Board "7"]
[White "Radovanovic, Nikola"]
[Black "Thiede, Lars"]
[Result "1-0"]
[WhiteTitle "IM"]
[BlackTitle "IM"]
[WhiteElo "2426"]
[BlackElo "2399"]
[WhiteTeam "Muenchener Schachclub 1836"]
[BlackTeam "SF Berlin"]
[WhiteFideId "900087"]
[BlackFideId "4607759"]
[EventDate "2022.10.22"]

1. e4 d6 2. d4 Nf6 3. Nc3 e5 4. dxe5 dxe5 5. Qxd8+ Kxd8 6. Bc4 Ke8 7. f4 Bb4 8.
Bd3 Nbd7 9. Nf3 Nc5 10. O-O exf4 11. Nb5 Ne6 12. Ng5 Ba5 13. Nxe6 Bxe6 14. Bxf4
Bb6+ 15. Kh1 Rc8 16. a4 Ng4 17. Bg3 a5 18. b4 h5 19. h3 f6 20. bxa5 h4 21. Be1
Bc5 22. hxg4 Bxg4 23. Bf2 Bb4 24. a6 bxa6 25. Na7 Ra8 26. Nc6 Bd6 27. e5 fxe5
28. Nxe5 Be6 29. Rae1 1-0

[Event "Bundesliga 2022-23"]
[Site "Deggendorf GER"]
[Date "2023.03.19"]
[Round "11.6"]
[Board "8"]
[White "Florstedt, Johannes"]
[Black "Watson, William N"]
[Result "0-1"]
[WhiteTitle "FM"]
[BlackTitle "GM"]
[WhiteElo "2362"]
[BlackElo "2492"]
[WhiteTeam "SF Berlin"]
[BlackTeam "Muenchener Schachclub 1836"]
[WhiteFideId "12922293"]
[BlackFideId "400157"]
[EventDate "2022.10.22"]

1. e4 c5 2. Nf3 Nc6 3. Bc4 e6 4. O-O a6 5. d4 cxd4 6. Nxd4 Qc7 7. Nxc6 bxc6 8.
Qe2 Nf6 9. e5 Nd5 10. Nd2 d6 11. Nf3 dxe5 12. Qxe5 Qxe5 13. Nxe5 Bb7 14. Be2 Bd6
15. Nc4 Bc7 16. b4 a5 17. Nxa5 Ba6 18. Bxa6 Rxa6 19. Bd2 Nxb4 20. Bxb4 Bxa5 21.
Bc5 Kd7 22. Rfd1+ Kc7 23. Rd3 Rd8 24. Ra3 Raa8 25. Rb3 Rab8 26. Be3 Rxb3 27.
axb3 Bb6 28. Bf4+ Kb7 29. Kf1 e5 30. Bc1 Rd1+ 31. Ke2 Rg1 32. Bb2 Rxg2 33. Bxe5
Rxf2+ 34. Kd3 f6 35. Bg3 Rf3+ 36. Kc4 f5 37. Be5 g5 38. Rd1 Re3 39. Bf6 Re4+ 40.
Kd3 Re3+ 41. Kc4 Re4+ 42. Kd3 h6 43. Rf1 Re3+ 44. Kd2 f4 45. h4 Rg3 46. Ke2 Be3
47. Bg7 g4 48. Bxh6 Rg2+ 49. Kd3 Rd2+ 50. Ke4 Rd4+ 51. Kf5 g3 52. h5 g2 53. Re1
Bf2 54. Rb1 f3 55. Bg7 g1=Q 56. Rxg1 Bxg1 0-1

[Event "Bundesliga 2022-23"]
[Site "Hamburg GER"]
[Date "2023.03.19"]
[Round "11.7"]
[Board "1"]
[White "Esipenko, Andrey"]
[Black "Moussard, Jules"]
[Result "1/2-1/2"]
[WhiteTitle "GM"]
[BlackTitle "GM"]
[WhiteElo "2668"]
[BlackElo "2686"]
[WhiteTeam "SK Doppelbauer Turm Kiel"]
[BlackTeam "Schachfreunde Deizisau"]
[WhiteFideId "24175439"]
[BlackFideId "642908"]
[EventDate "2022.10.22"]

1. Nf3 Nf6 2. g3 d5 3. Bg2 e6 4. O-O Be7 5. c4 O-O 6. d4 dxc4 7. Na3 Bxa3 8.
bxa3 Bd7 9. a4 Bc6 10. Ba3 Re8 11. Qc2 Bd5 12. Rfe1 Be4 13. Qxc4 Nc6 14. Red1
Na5 15. Qc3 Qd5 16. Ne1 Bxg2 17. Nxg2 Nc4 18. Bc5 Nd6 19. Qb3 Nf5 20. Nf4 Qxb3
21. axb3 Nxd4 22. Bxd4 1/2-1/2

[Event "Bundesliga 2022-23"]
[Site "Hamburg GER"]
[Date "2023.03.19"]
[Round "11.7"]
[Board "2"]
[White "Bluebaum, Matthias"]
[Black "Demchenko, Anton"]
[Result "1/2-1/2"]
[WhiteTitle "GM"]
[BlackTitle "GM"]
[WhiteElo "2647"]
[BlackElo "2645"]
[WhiteTeam "Schachfreunde Deizisau"]
[BlackTeam "SK Doppelbauer Turm Kiel"]
[WhiteFideId "24651516"]
[BlackFideId "4160258"]
[EventDate "2022.10.22"]

1. d4 Nf6 2. c4 c6 3. Nc3 d5 4. Nf3 e6 5. e3 Nbd7 6. Bd3 dxc4 7. Bxc4 b5 8. Bd3
b4 9. Ne4 Nxe4 10. Bxe4 Bb7 11. O-O Be7 12. a3 a5 13. Qc2 h6 14. Ne1 O-O 15. Nd3
Qb6 16. axb4 axb4 17. Bd2 Rac8 18. Qc4 c5 19. Bxb7 Qxb7 20. dxc5 Nxc5 21. Qxb4
Qxb4 22. Bxb4 Nxd3 23. Bxe7 Rfe8 24. Ra7 1/2-1/2

[Event "Bundesliga 2022-23"]
[Site "Hamburg GER"]
[Date "2023.03.19"]
[Round "11.7"]
[Board "3"]
[White "Yuffa, Daniil"]
[Black "Kamsky, Gata"]
[Result "1/2-1/2"]
[WhiteTitle "GM"]
[BlackTitle "GM"]
[WhiteElo "2601"]
[BlackElo "2666"]
[WhiteTeam "SK Doppelbauer Turm Kiel"]
[BlackTeam "Schachfreunde Deizisau"]
[WhiteFideId "24131423"]
[BlackFideId "2000024"]
[EventDate "2022.10.22"]

1. d4 d5 2. c4 c6 3. Nf3 Nf6 4. Nc3 a6 5. c5 g6 6. h3 Bg7 7. Bf4 Bf5 8. Qb3 Qc8
9. e3 Nbd7 10. Rg1 Ne4 11. g4 Be6 12. Na4 O-O 13. Ng5 Nxg5 14. Bxg5 f6 15. Bh4
Bf7 16. O-O-O e5 17. f4 Re8 18. f5 Rb8 19. Qc2 b6 20. cxb6 Nxb6 1/2-1/2

[Event "Bundesliga 2022-23"]
[Site "Hamburg GER"]
[Date "2023.03.19"]
[Round "11.7"]
[Board "4"]
[White "Kollars, Dmitrij"]
[Black "Gavrilescu, David"]
[Result "1/2-1/2"]
[WhiteTitle "GM"]
[BlackTitle "IM"]
[WhiteElo "2612"]
[BlackElo "2523"]
[WhiteTeam "Schachfreunde Deizisau"]
[BlackTeam "SK Doppelbauer Turm Kiel"]
[WhiteFideId "12909572"]
[BlackFideId "1227190"]
[EventDate "2022.10.22"]

1. e4 e6 2. d4 d5 3. e5 c5 4. c3 Nc6 5. Nf3 Bd7 6. Be2 Nge7 7. O-O Nf5 8. dxc5
a5 9. Bd3 Bxc5 10. Bxf5 exf5 11. Qxd5 Qb6 12. Qb3 Qxb3 13. axb3 O-O 14. Bf4 Be6
15. Nbd2 Rfd8 16. Rfe1 h6 17. h4 Ne7 18. Be3 Bxe3 19. Rxe3 Ng6 20. Ra4 f4 21.
Re2 Bg4 22. Ree4 Bd7 23. Rad4 Bc6 24. Rxd8+ Rxd8 25. Rd4 Re8 26. Kf1 Bb5+ 27.
Kg1 Bc6 28. Kf1 Bb5+ 29. Nc4 Nxe5 30. Nxe5 Rxe5 31. Rxf4 Ba6 32. Kg1 Bxc4 33.
Rxc4 Re1+ 34. Kh2 Re2 35. Rc5 b6 36. Rb5 Rxf2 37. Rxb6 Rxb2 38. Rb5 Rc2 39. c4
a4 40. bxa4 Rxc4 41. Kh3 Rxa4 42. Rb8+ Kh7 43. h5 Ra5 44. g4 Ra3+ 45. Kg2 g6 46.
hxg6+ Kxg6 47. Rb5 Rc3 48. Ra5 f6 49. Kf2 Rh3 50. Rb5 h5 51. gxh5+ Rxh5 52. Rxh5
Kxh5 53. Kf3 Kg5 54. Kg3 f5 55. Kf3 f4 56. Kf2 Kg4 57. Kg2 f3+ 58. Kf2 Kf4 59.
Kf1 f2 60. Kxf2 1/2-1/2

[Event "Bundesliga 2022-23"]
[Site "Hamburg GER"]
[Date "2023.03.19"]
[Round "11.7"]
[Board "5"]
[White "Meshkovs, Nikita"]
[Black "Heimann, Andreas"]
[Result "1/2-1/2"]
[WhiteTitle "GM"]
[BlackTitle "GM"]
[WhiteElo "2566"]
[BlackElo "2573"]
[WhiteTeam "SK Doppelbauer Turm Kiel"]
[BlackTeam "Schachfreunde Deizisau"]
[WhiteFideId "11602740"]
[BlackFideId "24624632"]
[EventDate "2022.10.22"]

1. d4 Nf6 2. c4 e6 3. Nf3 d5 4. g3 dxc4 5. Bg2 a6 6. O-O Nc6 7. Qd2 Bb4 8. Qc2
b5 9. Rd1 Bb7 10. Nc3 Be7 11. a4 Nb4 12. Qb1 O-O 13. Bg5 Rb8 14. axb5 axb5 15.
Ra7 Nbd5 16. Ne5 Nxc3 17. bxc3 Bxg2 18. Kxg2 h6 19. Bxf6 Bxf6 20. Qe4 Bxe5 21.
Qxe5 c6 22. e4 Ra8 1/2-1/2

[Event "Bundesliga 2022-23"]
[Site "Hamburg GER"]
[Date "2023.03.19"]
[Round "11.7"]
[Board "6"]
[White "Dautov, Rustem"]
[Black "Teclaf, Pawel"]
[Result "1/2-1/2"]
[WhiteTitle "GM"]
[BlackTitle "IM"]
[WhiteElo "2592"]
[BlackElo "2551"]
[WhiteTeam "Schachfreunde Deizisau"]
[BlackTeam "SK Doppelbauer Turm Kiel"]
[WhiteFideId "4623606"]
[BlackFideId "1185934"]
[EventDate "2022.10.22"]

1. d4 Nf6 2. c4 g6 3. Nf3 Bg7 4. g3 c6 5. Bg2 d5 6. Nbd2 O-O 7. O-O Bf5 8. b3 a5
9. Bb2 a4 10. Nh4 Be6 11. Qc2 Nbd7 12. e3 Qb6 13. c5 axb3 14. axb3 Qc7 15. h3
Ne4 16. b4 Nxd2 17. Qxd2 Bf6 18. Nf3 Bf5 19. Bc3 Be4 20. Qb2 b6 1/2-1/2

[Event "Bundesliga 2022-23"]
[Site "Hamburg GER"]
[Date "2023.03.19"]
[Round "11.7"]
[Board "7"]
[White "Gumularz, Szymon"]
[Black "Graf, Alexander"]
[Result "1-0"]
[WhiteTitle "GM"]
[BlackTitle "GM"]
[WhiteElo "2546"]
[BlackElo "2558"]
[WhiteTeam "SK Doppelbauer Turm Kiel"]
[BlackTeam "Schachfreunde Deizisau"]
[WhiteFideId "1188062"]
[BlackFideId "4680804"]
[EventDate "2022.10.22"]

1. e4 c5 2. Nf3 Nc6 3. d4 cxd4 4. Nxd4 e6 5. Nc3 d6 6. g4 Nge7 7. Be3 a6 8. h4
b5 9. a3 Bb7 10. Rh3 Rc8 11. f4 Na5 12. Qd2 Nc4 13. Bxc4 Rxc4 14. O-O-O Nc8 15.
f5 e5 16. Nf3 Qc7 17. Nd5 Bxd5 18. Qxd5 Rxc2+ 19. Kb1 Qc4 20. Nxe5 Qxd5 21. exd5
Rg2 22. Nc6 Rxg4 23. Bd4 Be7 24. h5 O-O 25. h6 f6 26. hxg7 Rf7 27. Re1 Kxg7 28.
Rhe3 Bf8 29. Re8 Ne7 30. Nd8 Nxd5 31. Ne6+ Kg8 32. Rc1 Ne7 33. Rc7 Nxf5 34. Rcc8
h5 35. Rxf8+ Rxf8 36. Rxf8+ Kh7 37. Bxf6 Ng3 38. Kc2 h4 39. Rh8+ Kg6 40. Rxh4 1-0

[Event "Bundesliga 2022-23"]
[Site "Hamburg GER"]
[Date "2023.03.19"]
[Round "11.7"]
[Board "8"]
[White "Kozak, Adam"]
[Black "Pajeken, Jakob Leon"]
[Result "1-0"]
[WhiteTitle "GM"]
[BlackTitle "IM"]
[WhiteElo "2516"]
[BlackElo "2461"]
[WhiteTeam "Schachfreunde Deizisau"]
[BlackTeam "SK Doppelbauer Turm Kiel"]
[WhiteFideId "753246"]
[BlackFideId "12942839"]
[EventDate "2022.10.22"]

1. c4 e6 2. Nf3 d5 3. g3 d4 4. Bg2 Nf6 5. O-O c5 6. e3 Nc6 7. exd4 cxd4 8. d3
Bd6 9. Bg5 h6 10. Bxf6 Qxf6 11. Nbd2 Qd8 12. a3 a5 13. Rc1 O-O 14. c5 Bc7 15.
Qa4 Ra6 16. Rfe1 e5 17. Nc4 Re8 18. Nfd2 f5 19. Nd6 Bxd6 20. cxd6 Qxd6 21. Qb5
Qc7 22. Nc4 Bd7 23. Qc5 Kh7 24. b4 axb4 25. axb4 b6 26. Qb5 Nb8 27. Qd5 Qa7 28.
b5 Ra4 29. Nxe5 Qa5 30. Qf7 Rxe5 31. Rxe5 Qd2 32. Rf1 1-0

[Event "Bundesliga 2022-23"]
[Site "Hamburg GER"]
[Date "2023.03.19"]
[Round "11.8"]
[Board "1"]
[White "Grandelius, Nils"]
[Black "Maghsoodloo, Parham"]
[Result "1/2-1/2"]
[WhiteTitle "GM"]
[BlackTitle "GM"]
[WhiteElo "2651"]
[BlackElo "2721"]
[WhiteTeam "Hamburger SK"]
[BlackTeam "FC Bayern Muenchen"]
[WhiteFideId "1710400"]
[BlackFideId "12539929"]
[EventDate "2022.10.22"]

1. e4 e5 2. Nf3 Nc6 3. Bb5 a6 4. Ba4 Nf6 5. O-O Be7 6. Re1 b5 7. Bb3 d6 8. c3
O-O 9. h3 Bb7 10. d4 Re8 11. Ng5 Rf8 12. Nf3 Re8 13. Nbd2 Bf8 14. d5 Nb8 15. Nf1
Nbd7 16. Ng3 h6 17. Nh2 c6 18. dxc6 Bxc6 19. Qf3 a5 20. a3 Nc5 21. Ba2 d5 22.
Ng4 Ncxe4 23. Nxe4 dxe4 24. Qf5 h5 25. Nxf6+ Qxf6 1/2-1/2

[Event "Bundesliga 2022-23"]
[Site "Hamburg GER"]
[Date "2023.03.19"]
[Round "11.8"]
[Board "2"]
[White "Santos Latasa, Jaime"]
[Black "Svane, Rasmus"]
[Result "1/2-1/2"]
[WhiteTitle "GM"]
[BlackTitle "GM"]
[WhiteElo "2677"]
[BlackElo "2615"]
[WhiteTeam "FC Bayern Muenchen"]
[BlackTeam "Hamburger SK"]
[WhiteFideId "2293307"]
[BlackFideId "4657101"]
[EventDate "2022.10.22"]

1. d4 Nf6 2. c4 e6 3. Nc3 Bb4 4. Qc2 O-O 5. a3 Bxc3+ 6. Qxc3 d5 7. Bg5 h6 8.
Bxf6 Qxf6 9. Nf3 dxc4 10. Qxc4 Nc6 11. Qc3 Re8 12. Rd1 e5 13. d5 Nb8 14. e3 Bf5
15. Be2 Nd7 16. O-O Rac8 17. Bb5 a6 18. Bxd7 Bxd7 19. Nd2 e4 20. Qxf6 gxf6 21.
Nb1 Bb5 22. Rfe1 Bd3 23. Nc3 c6 24. dxc6 Rxc6 25. Rd2 Re5 26. f3 b5 27. Kf2 a5
28. fxe4 Bxe4 29. Rd4 Bg6 30. Red1 Rf5+ 31. Kg1 Re5 32. Kf2 Rf5+ 33. Ke2 Rg5 34.
Rg1 Re5 35. Re1 Rg5 36. g3 Kg7 37. Rf1 Re5 38. Kd2 Rec5 39. Rff4 h5 40. Rd8 Rb6
41. Rdd4 Rbc6 42. Rf1 Rc8 43. Rf2 R8c7 44. Rf3 Rc8 45. Rff4 1/2-1/2

[Event "Bundesliga 2022-23"]
[Site "Hamburg GER"]
[Date "2023.03.19"]
[Round "11.8"]
[Board "3"]
[White "Engel, Luis"]
[Black "Tabatabaei, M. Amin"]
[Result "0-1"]
[WhiteTitle "GM"]
[BlackTitle "GM"]
[WhiteElo "2555"]
[BlackElo "2657"]
[WhiteTeam "Hamburger SK"]
[BlackTeam "FC Bayern Muenchen"]
[WhiteFideId "12961523"]
[BlackFideId "12521213"]
[EventDate "2022.10.22"]

1. e4 e5 2. Nf3 Nc6 3. Bb5 a6 4. Ba4 Nf6 5. d3 d6 6. c3 g6 7. O-O Bg7 8. Re1 O-O
9. Nbd2 h6 10. h3 Re8 11. Nf1 b5 12. Bb3 Na5 13. Bc2 c5 14. Be3 Bb7 15. Qd2 Kh7
16. Ng3 Nc6 17. Rad1 Qc7 18. d4 exd4 19. cxd4 Nb4 20. Bb1 Nxe4 21. Nxe4 Bxe4 22.
dxc5 dxc5 23. Bf4 Qb7 24. Rxe4 Rxe4 25. a3 Rxf4 26. Qxf4 Nd5 27. Qd6 Nb6 28. h4
Nc4 29. Qf4 Nxb2 30. Be4 Qe7 31. Re1 Rf8 32. h5 Qf6 33. Qg3 Nc4 34. Nh4 Qc3 35.
hxg6+ Kh8 36. f3 Be5 37. g7+ Bxg7 38. Nf5 Rg8 39. Qh4 Qf6 40. Qh3 Nxa3 41. g4
Nc4 42. g5 Qxg5+ 43. Kh1 Bf8 44. Qh2 Qd2 0-1

[Event "Bundesliga 2022-23"]
[Site "Hamburg GER"]
[Date "2023.03.19"]
[Round "11.8"]
[Board "4"]
[White "Huschenbeth, Niclas"]
[Black "Svane, Frederik"]
[Result "1/2-1/2"]
[WhiteTitle "GM"]
[BlackTitle "GM"]
[WhiteElo "2593"]
[BlackElo "2566"]
[WhiteTeam "FC Bayern Muenchen"]
[BlackTeam "Hamburger SK"]
[WhiteFideId "24604747"]
[BlackFideId "12923044"]
[EventDate "2022.10.22"]

1. e4 c5 2. Nf3 e6 3. d4 cxd4 4. Nxd4 Nc6 5. Bf4 d6 6. Nxc6 bxc6 7. c4 Rb8 8.
Qd2 Nf6 9. Nc3 e5 10. Be3 Ng4 11. Bg5 Qb6 12. h3 f6 13. Bh4 Nh6 14. b3 Be6 15.
Be2 Be7 16. Bh5+ Nf7 17. Bg4 Bxg4 18. hxg4 Qb7 19. Rc1 O-O 20. O-O Bd8 21. Na4
Bb6 22. c5 dxc5 23. Nxc5 Qe7 24. Qc2 Rfd8 25. f3 Rd6 26. Bf2 Ng5 27. Rfd1 Rbd8
28. b4 Rxd1+ 29. Rxd1 Rxd1+ 30. Qxd1 Kf7 31. a4 Ne6 32. Qb3 Qd6 33. Kf1 Ke7 34.
Qxe6+ Qxe6 35. Nxe6 Kxe6 36. Be1 a6 37. Ke2 g5 38. Kd3 Kd6 39. Kc4 Be3 40. Bc3
Bf2 41. Bb2 1/2-1/2

[Event "Bundesliga 2022-23"]
[Site "Hamburg GER"]
[Date "2023.03.19"]
[Round "11.8"]
[Board "5"]
[White "Lampert, Jonas"]
[Black "Santos Ruiz, Miguel"]
[Result "1/2-1/2"]
[WhiteTitle "GM"]
[BlackTitle "GM"]
[WhiteElo "2537"]
[BlackElo "2580"]
[WhiteTeam "Hamburger SK"]
[BlackTeam "FC Bayern Muenchen"]
[WhiteFideId "1303759"]
[BlackFideId "22291482"]
[EventDate "2022.10.22"]

1. d4 Nf6 2. c4 e6 3. g3 d5 4. Nf3 Bb4+ 5. Bd2 Be7 6. Bg2 O-O 7. O-O c6 8. Qc2
Nbd7 9. a4 a5 10. Rc1 Ne4 11. Ne1 Nxd2 12. Nxd2 Bf6 13. Nef3 e5 14. cxd5 cxd5
15. dxe5 Nxe5 16. Nxe5 Bxe5 17. Nf3 Bf6 18. Rd1 Be6 19. Nd4 Qb6 20. e3 Rac8 1/2-1/2

[Event "Bundesliga 2022-23"]
[Site "Hamburg GER"]
[Date "2023.03.19"]
[Round "11.8"]
[Board "6"]
[White "Dragnev, Valentin"]
[Black "Ftacnik, Lubomir"]
[Result "1-0"]
[WhiteTitle "GM"]
[BlackTitle "GM"]
[WhiteElo "2544"]
[BlackElo "2462"]
[WhiteTeam "FC Bayern Muenchen"]
[BlackTeam "Hamburger SK"]
[WhiteFideId "1634852"]
[BlackFideId "14900017"]
[EventDate "2022.10.22"]

1. e4 c5 2. Nf3 d6 3. d4 cxd4 4. Nxd4 Nf6 5. Nc3 a6 6. Rg1 Nc6 7. g4 h6 8. h4 g6
9. g5 hxg5 10. hxg5 Nd7 11. Be3 Bg7 12. Qd2 Nde5 13. Be2 Ng4 14. Bxg4 Bxg4 15.
f3 Nxd4 16. Bxd4 e5 17. fxg4 exd4 18. Nd5 Be5 19. O-O-O Rh2 20. Nf6+ Kf8 21. Rg2
Rxg2 22. Qxg2 Bxf6 23. gxf6 Qxf6 24. Qd2 Re8 25. Qxd4 Qf4+ 26. Kb1 Kg8 27. Rh1
Qe5 28. Qf2 Qxe4 29. Qh4 Qe5 30. a3 b5 31. Qh7+ Kf8 32. Rf1 Re7 33. Rd1 Rc7 34.
Qh1 Kg7 35. Re1 Qc5 36. Qh2 Rc8 37. Rh1 Kf8 38. Ka1 Ke7 39. Rd1 Kd7 40. Qf4 f5
41. c3 Re8 42. Qh6 fxg4 43. Qxg6 Re7 44. Qxg4+ Kc7 45. Qg8 Qh5 46. Qg1 Qc5 47.
Qh1 Qc6 48. Qh6 Rd7 49. Qe3 Qc5 50. Rd4 Qe5 51. Qf3 Rg7 52. Qa8 Rg1+ 53. Ka2
Qe6+ 54. c4 Qc8 55. Qd5 Qd7 56. Rf4 Re1 57. Qa8 Kb6 58. Rf8 bxc4 59. Rc8 1-0

[Event "Bundesliga 2022-23"]
[Site "Hamburg GER"]
[Date "2023.03.19"]
[Round "11.8"]
[Board "7"]
[White "Heinemann, Thies"]
[Black "Bischoff, Klaus"]
[Result "1/2-1/2"]
[WhiteTitle "GM"]
[BlackTitle "GM"]
[WhiteElo "2484"]
[BlackElo "2486"]
[WhiteTeam "Hamburger SK"]
[BlackTeam "FC Bayern Muenchen"]
[WhiteFideId "4601556"]
[BlackFideId "4600045"]
[EventDate "2022.10.22"]

1. e4 c5 2. Nf3 e6 3. g3 Nc6 4. Bg2 Nf6 5. d3 d6 6. O-O Be7 7. c4 O-O 8. Nc3 a6
9. b3 Rb8 10. a4 Nd4 11. Be3 e5 12. h3 Bd7 13. Bg5 Bc6 14. Bxf6 Nxf3+ 15. Bxf3
Bxf6 16. Qc2 g6 17. Rab1 Bg7 18. Nd5 Bxd5 19. exd5 a5 20. Kg2 f5 21. h4 1/2-1/2

[Event "Bundesliga 2022-23"]
[Site "Hamburg GER"]
[Date "2023.03.19"]
[Round "11.8"]
[Board "8"]
[White "Johansson, Linus"]
[Black "Kramer, Julian"]
[Result "0-1"]
[WhiteTitle "IM"]
[BlackTitle "IM"]
[WhiteElo "2461"]
[BlackElo "2467"]
[WhiteTeam "FC Bayern Muenchen"]
[BlackTeam "Hamburger SK"]
[WhiteFideId "1711113"]
[BlackFideId "12921742"]
[EventDate "2022.10.22"]

1. d4 Nf6 2. c4 g6 3. Nc3 d5 4. cxd5 Nxd5 5. e4 Nxc3 6. bxc3 Bg7 7. Nf3 c5 8.
Rb1 O-O 9. Be2 Nd7 10. O-O b6 11. Bf4 Bb7 12. d5 Bxc3 13. h4 Bg7 14. h5 gxh5 15.
Bc4 Nf6 16. Qc2 e6 17. e5 Ne4 18. Qxe4 exd5 19. Qf5 dxc4 20. Rbd1 Qc8 21. Qxh5
Be4 22. Qh4 Qf5 23. Rfe1 Bxf3 24. gxf3 Rae8 25. Re4 c3 26. Rc1 f6 27. Rxc3 fxe5
28. Bg3 Rd8 29. Ra3 h5 30. Kg2 Rd4 31. Kh2 Bf6 32. Qh3 Qxh3+ 33. Kxh3 Rf7 34.
Rae3 Rxe4 35. Rxe4 Rc7 0-1